| 000 | 00664nam a22002177a 4500 | ||
|---|---|---|---|
| 999 |
_c15044 _d15044 |
||
| 003 | AR-CdUCM | ||
| 008 | 190425b ||||| |||| 00| 0 spa d | ||
| 020 | _a978-84-683-1160-9 | ||
| 040 |
_aMUNICIPALIDAD PROVINCIAL DEL CUSCO _cBIBLIOTECA MUNICIPAL DEL CUSCO |
||
| 082 |
_aPI / 376.12 / _bC97 |
||
| 100 |
_aCuxart, Bernadette _934032 |
||
| 245 | _aModela figuras terroríficas / | ||
| 260 |
_aBarcelona : _bEdebé, _c2014. |
||
| 300 |
_a35 páginas ; _c24 cm. _bIlustraciones, |
||
| 440 |
_aEl arte de modelar _934053 |
||
| 650 |
_aModelado _934054 |
||
| 650 |
_aBásico _934055 |
||
| 650 |
_aInfancia _95236 |
||
| 942 |
_2ddc _cLIBROS |
||
| 945 |
_arah _d25/04/2019 |
||